Creative Communications : Epica Book 27. Advertising. Design. Media. PR. Digital /

Salvato in:
Dettagli Bibliografici
Altri autori: Tungate, Mark (Redattore)
Natura: Libro
Lingua:inglese
Pubblicazione: Londyn : Epica Awards, 2014
Edizione:1. vyd.
Soggetti:
Tags: Aggiungi Tag
Nessun Tag, puoi essere il primo ad aggiungerne!!

MARC

LEADER 00000nam a22000003a 4500
001 0022630
003 SK-STU
005 20170320093059.5
007 ta
008 170315s ----xo-----e------000-0-----d
020 |a 978-1-4725-2845-2 
040 |a STU  |b slo 
041 0 |a eng  |h eng 
044 |a xxk 
100 1 |a Tungate, Mark  |4 edt  |r Z6 
245 1 0 |a Creative Communications :  |b Epica Book 27. Advertising. Design. Media. PR. Digital /  |c ed. Mark Tungate 
250 |a 1. vyd. 
260 |a Londyn :  |b Epica Awards,  |c 2014 
300 |a 391 s. 
650 0 7 |a digitálny dizajn 
650 0 7 |a reklama 
650 0 7 |a mediálna kampaň 
650 0 7 |a advertising 
650 0 7 |a médiá 
996 |b 284AU06952  |c A* 10087/U  |l AAKNST  |s P  |a 0  |w 0022630_0001